000 00458nam a2200181Ia 4500
001 19222
005 20260306171728.0
008 260306s9999||||xx |||||||||||||| ||und||
041 _aESP
082 _a658.80711
_bG78
100 _aGrande Esteban , Ildefonso
_eAUT
245 0 _aFundamentos y técnicas de investigación comercial
260 _c2009
300 _a430 páginas :
_c24 cm
650 _aGEN
654 _aCAN
942 _cLIB
_dJUS
_fJUS
_2ddc
_n
999 _c19222
_d19222